Computer networks (Record no. 120331)
[ view plain ]
| 000 -LEADER | |
|---|---|
| fixed length control field | 00558nam a2200229Ia 4500 |
| 003 - CONTROL NUMBER IDENTIFIER | |
| control field | OSt |
| 005 - DATE AND TIME OF LATEST TRANSACTION | |
| control field | 20250725114114.0 |
| 008 - FIXED-LENGTH DATA ELEMENTS--GENERAL INFORMATION | |
| fixed length control field | 210210b2016 xxu||||| |||| 00| 0 eng d |
| 020 ## - INTERNATIONAL STANDARD BOOK NUMBER | |
| International Standard Book Number | 9789332518742 |
| 040 ## - CATALOGING SOURCE | |
| Transcribing agency | AL |
| 041 ## - LANGUAGE CODE | |
| Language code of text/sound track or separate title | eng |
| 082 ## - DEWEY DECIMAL CLASSIFICATION NUMBER | |
| Classification number | 001.64404 TANC |
| 100 ## - MAIN ENTRY--PERSONAL NAME | |
| Personal name | Andrew S Tanenbaum |
| 9 (RLIN) | 40094 |
| 245 ## - TITLE STATEMENT | |
| Title | Computer networks |
| 250 ## - EDITION STATEMENT | |
| Edition statement | 5 |
| 260 ## - PUBLICATION, DISTRIBUTION, ETC. | |
| Place of publication, distribution, etc. | Chennai |
| Name of publisher, distributor, etc. | Pearson Education Pvt Ltd. |
| Date of publication, distribution, etc. | 2016 |
| 300 ## - PHYSICAL DESCRIPTION | |
| Extent | 804p. |
| 690 ## - LOCAL SUBJECT ADDED ENTRY--TOPICAL TERM (OCLC, RLIN) | |
| Topical term or geographic name as entry element | Computer Networks |
| 9 (RLIN) | 40095 |
| 700 ## - ADDED ENTRY--PERSONAL NAME | |
| Personal name | Wetherall, David J |
| 9 (RLIN) | 40096 |
| 906 ## - LOCAL DATA ELEMENT F, LDF (RLIN) | |
| a | 070864 |
| 942 ## - ADDED ENTRY ELEMENTS (KOHA) | |
| Source of classification or shelving scheme | Dewey Decimal Classification |
| Koha item type | Book |
| Withdrawn status | Lost status | Source of classification or shelving scheme | Damaged status | Not for loan | Collection code | Home library | Current library | Shelving location | Date acquired | Source of acquisition | Cost, normal purchase price | Total Checkouts | Full call number | Barcode | Date last seen | Date last checked out | Price effective from | Koha item type |
|---|---|---|---|---|---|---|---|---|---|---|---|---|---|---|---|---|---|---|
| Dewey Decimal Classification | Computer Applications & Animation | St Aloysius Library | St Aloysius Library | Stack Section | 02/17/2021 | Biblios Book Point, Surathkal-575014 | 679.00 | 5 | 001.64404 TANC | 070867 | 06/16/2025 | 12/10/2024 | 02/17/2021 | Book | ||||
| Dewey Decimal Classification | Computer Applications & Animation | St Aloysius Library | St Aloysius Library | Stack Section | 02/17/2021 | Biblios Book Point, Surathkal-575014 | 679.00 | 3 | 001.64404 TANC | 070866 | 06/16/2025 | 01/08/2025 | 02/17/2021 | Book | ||||
| Dewey Decimal Classification | Computer Applications & Animation | St Aloysius Library | St Aloysius Library | 02/17/2021 | Biblios Book Point, Surathkal-575014 | 679.00 | 2 | 001.64404 TANC | 070865 | 01/08/2024 | 08/07/2023 | 02/17/2021 | Book | |||||
| Dewey Decimal Classification | Reference Book | Computer Applications & Animation | St Aloysius Library | St Aloysius Library | Reference Section | 02/17/2021 | Biblios Book Point, Surathkal-575014 | 679.00 | 1 | 001.64404 TANC | 070864 | 02/12/2024 | 02/01/2024 | 02/17/2021 | Reference |